Statystyki dla Stolice świata na literę B

Kliknij tutaj aby rozwiązać quiz!

Ogólne statystyki

  • Ten quiz został rozwiązany 9 655 razy
  • Średni wynik to 11 z 25

Statystyki odpowiedzi

PaństwoStolica% Poprawnych
NiemcyBerlin
83%
BelgiaBruksela
80%
WęgryBudapeszt
79%
RumuniaBukareszt
78%
SłowacjaBratysława
77%
BrazyliaBrasilia
69%
SzwajcariaBerno
68%
SerbiaBelgrad
65%
ArgentynaBuenos Aires
58%
KolumbiaBogota
56%
TajlandiaBangkok
47%
IrakBagdad
40%
AzerbejdżanBaku
37%
LibanBejrut
35%
KirgistanBiszkek
33%
BelizeBelmopan
25%
MaliBamako
24%
KongoBrazzaville
23%
BruneiBandar Seri Begawan
21%
BarbadosBridgetown
21%
Gwinea BissauBissau
19%
GambiaBandżul
18%
Republika ŚrodkowoafrykańskaBangi
17%
Saint Kitts i NevisBasseterre
15%
Republika Południowej AfrykiBloemfontein
11%

Rozkład punktacji

Percentyl według liczby udzielonych odpowiedzi

Procent ludzi z każdym wynikiem

Twoja historia wyników

Nie rozwiązałeś tego quizu